000 00311nam a22001457a 4500
008 210318b ||||| |||| 00| 0 eng d
020 _a1568210949
041 _aeng
080 _a159.9
082 _a159.9
100 _a48
101 _aPSI
245 _aCrisis at Adoleshence
_cCopley, B
942 _2udc
_cBK
999 _c56619
_d56619